| 000 | 00931nam a22003137a 4500 | ||
|---|---|---|---|
| 001 | 16803360 | ||
| 003 | OSt | ||
| 005 | 20140310182859.0 | ||
| 008 | 110601s2010 ph 000 1 tgl | ||
| 010 | _a 2011308141 | ||
| 020 | _a9789715506243 | ||
| 040 |
_aDLC _cDLC |
||
| 042 | _alcode | ||
| 050 | 0 | 0 |
_aPL 6058.8 _b.An627 2011 |
| 082 |
_aFIL 899.211301 _bAn635 2011 |
||
| 100 | 1 | _aAntonio, Lamberto E. | |
| 245 | 1 | 0 |
_aAlitaptap sa gabing maunos : _bmga kuwento / _cLamberto E. Antonio. |
| 260 |
_aQuezon City : _bAteneo de Manila University Press, _cc2011. |
||
| 300 |
_aix, 213 p. ; _c18 cm. |
||
| 500 | _aShort stories. | ||
| 521 | _aCollege Student | ||
| 526 | _c1210L-1700L | ||
| 541 | _j1 | ||
| 546 | _aIn Tagalog. | ||
| 562 | _eFor circulation. 1 copy available in the collection | ||
| 906 |
_a7 _bcbc _corigode _d4 _encip _f20 _gy-gencatlg |
||
| 942 |
_2lcc _cBK _kFIL |
||
| 999 |
_c17079 _d17079 |
||